The IMDb Top 100 Movies - Statistics

General Stats
  • This quiz has been taken 36 times
  • The average score is 34 of 100
Answer Stats
Place Movie Directed by % Correct
2. The Godfather Francis Ford Coppola
87%
1. The Shawshank Redemption Frank Darabont
84%
8. Pulp Fiction Quentin Tarantino
81%
7. The Godfather Part II Francis Ford Coppola
77%
9. The Lord of the Rings: The Fellowship of the Ring Peter Jackson
77%
6. The Lord of the Rings: The Return of the King Peter Jackson
77%
4. Schindler‘s List Steven Spielberg
71%
50. Psycho Alfred Hitchcock
68%
28. Star Wars George Lucas
68%
3. The Dark Knight Christopher Nolan
68%
17. GoodFellas Martin Scorsese
65%
10. Inception Christopher Nolan
65%
12. Forrest Gump Robert Zemeckis
58%
62. The Shining Stanley Kubrick
58%
35. Gladiator Ridley Scott
55%
57. Inglourious Basterds Quentin Tarantino
55%
16. Interstellar Christopher Nolan
55%
42. Alien Ridley Scott
52%
13. The Good, the Bad and the Ugly Sergio Leone
52%
24. The Green Mile Frank Darabont
52%
5. 12 Angry Men Sidney Lumet
48%
88. Braveheart Mel Gibson
48%
36. Django Unchained Quentin Tarantino
48%
66. Raiders of the Lost Ark Steven Spielberg
48%
90. Reservoir Dogs Quentin Tarantino
48%
33. Parasite Bong Joon Ho
45%
40. The Departed Martin Scorsese
45%
44. Back to the Future Robert Zemeckis
42%
38. Léon: The Professional Luc Besson
42%
19. One Flew Over the Cuckoo‘s Nest Miloš Forman
42%
23. Saving Private Ryan Steven Spielberg
42%
21. Se7en David Fincher
42%
18. The Matrix Lana Wachowski, Lilly Wachowski
42%
87. 2001: A Space Odyssey Stanley Kubrick
39%
58. Avengers: Endgame Anthony Russo, Joe Russo
39%
29. Life is Beautiful Roberto Benigni
39%
54. Rear Window Alfred Hitchcock
39%
61. The Dark Knight Rises Christopher Nolan
39%
95. Toy Story John Lasseter
39%
52. Casablanca Michael Curtiz
35%
30. It‘s a Wonderful Life Frank Capra
35%
63. Memento Christopher Nolan
35%
46. The Lion King Roger Allers, Rob Minkoff
35%
14. The Lord of the Rings: The Two Towers Peter Jackson
35%
43. The Pianist Roman Polanski
35%
22. The Silence of the Lambs Jonathan Demme
35%
65. Aliens James Cameron
32%
82. American Beauty Sam Mendes
32%
59. Apocalypse Now Francis Ford Coppola
32%
11. Fight Club David Fincher
32%
51. Once Upon a Time in the West Sergio Leone
32%
31. Seven Samurai Akira Kurosawa
32%
27. Terminator 2 James Cameron
32%
20. The Empire Strikes Back Irvin Kershner
32%
64, Avengers: Infinity War Anthony Russo, Joe Russo
29%
92. Once Upon a Time in America Sergio Leone
29%
96. Return of the Jedi Richard Marquand
29%
98. The Apartment Billy Wilder
29%
89. Joker Todd Phillips
26%
94. Princess Mononoke Hayao Miyazaki
26%
26. Spirited Away Hayao Miyazaki
26%
45. The Usual Suspects Bryan Singer
26%
60. Amadeus Miloš Forman
23%
56. City Lights Charlie Chaplin
23%
25. City of God Fernando Mereilles
23%
75. Das Boot Wolfgang Petersen
23%
83. Good Will Hunting Gus Van Sant
23%
99. Singin‘ in the Rain Stanley Donen, Gene Kelly
23%
77. The Great Dictator Charlie Chaplin
23%
41. The Prestige Christopher Nolan
23%
97. Toy Story 3 Lee Unkrich
23%
70. WALL•E Andrew Stanton
23%
47. American History X Tony Kaye
19%
53. Cinema Paradiso Giuseppe Tornatore
19%
55. Modern Times Charlie Chaplin
19%
81. Requiem for a Dream Darren Aronofsky
19%
69. Coco Lee Unkrich, Adrian Molina
16%
91. Dr. Strangelove or: How I Learned to Stop Worrying and Love the Bomb Stanley Kubrick
16%
85. Oldboy Park Chan-wook
16%
67. Spider-Man: Into the Spider-Verse Bob Persichetti, Peter Ramsey
16%
48. Grave of the Fireflies Isao Takahata
13%
78. Paths of Glory Stanley Kubrick
13%
74. Sunset Boulevard Billy Wilder
13%
37. Whiplash Damien Chazelle
13%
86. Come and See Elem Klimov
10%
34. Dune: Part Two Denis Villeneuve
10%
80. Eternal Sunshine of the Spotless Mind Michel Gondry
10%
100. Ikiru Akira Kurosawa
10%
84. Incendies Denis Villeneuve
10%
39. Spider-Man: Across the Spider-Verse Kemp Powers, Justin K. Thompson
10%
93. The Hunt Thomas Vinterberg
10%
49. The Intouchables Olivier Nakache, Éric Toledano
10%
71. The Lives of Others Florian Henckel von Donnersmarck
10%
72. 3 Idiots Rajkumar Hirani
6%
73. Capernaum Nadine Labaki
6%
79. High and Low Akira Kurosawa
6%
76. Witness for the Prosecution Billy Wilder
6%
68. Your Name. Makoto Shinkai
6%
15. 12th Fail Vidhu Vinod Chopra
3%
32. Harakiri Akira Kurosawa
3%
No matching quizzes found
Score Distribution
Percent of People with Each Score
Percentile by Number Answered
Your Score History
You have not taken this quiz